[Event "FRA-ch op-C"]
[Site "Nancy"]
[Date "2013.08.14"]
[Round "3"]
[White "Bellahcene, Omar"]
[Black "Carral, Didier"]
[Result "0-1"]
[WhiteElo "1789"]
[BlackElo "1699"]
[PlyCount "129"]
[EventDate "2013.08.11"]
[EventType "swiss"]
[EventRounds "11"]
[EventCountry "FRA"]
[SourceTitle "CBM 156 Extra"]
[Source "ChessBase"]
[SourceDate "2013.10.22"]
[SourceVersion "1"]
[SourceVersionDate "2013.10.22"]
[SourceQuality "1"]

1. e4 Nf6 2. e5 Nd5 3. d4 d6 4. c4 Nb6 5. exd6 cxd6 6. h3 Nc6 7. Nf3 Bf5 8. Bd3 Qd7 9. Na3 Rc8 10. b3 h6 11. 0-0 g5 12. Bxf5 Qxf5 13. Qc2 Qxc2 14. Nxc2 Bg7 15. Bb2 0-0 16. Rfe1 e6 17. Rab1 Rfe8 18. a3 Ne7 19. Ne3 Ng6 20. g3 Ne7 21. Kg2 Kh7 22. h4 Kg6 23. hxg5 hxg5 24. Bc1 Nc6 25. d5 exd5 26. cxd5 Ne5 27. Nxe5+ Bxe5 28. Ng4 Nxd5 29. Nxe5+ dxe5 30. Bb2 f6 31. Rbd1 Red8 32. Rc1 Ne7 33. Rxc8 Rxc8 34. Re2 Nf5 35. Rd2 Rc6 36. g4 Nd6 37. f3 Kf7 38. a4 Ke6 39. Ba3 b6 40. Rd3 Nb7 41. Kf2 Rc2+ 42. Ke3 Nc5 43. Bxc5 Rxc5 44. Ke4 Rc1 45. Ke3 Rc2 46. b4 Ra2 47. b5 Rxa4 48. Rc3 Rb4 49. Rc6+ Kf7 50. Rc7+ Kg6 51. Rxa7 Rxb5 52. Ra4 Rb3+ 53. Ke4 Kf7 54. Ra8 Rb4+ 55. Ke3 Ke7 56. Rc8 Rb1 57. Ke4 b5 58. Rc7+ Kd6 59. Rb7 Rb4+ 60. Ke3 Kc6 61. Rf7 Rf4 62. Rf8 Kc5 63. Rc8+ Kb4 64. Ke2 Ka4 65. Ra8+ 0-1